Boží otcovské srdce /

Hlavní autor: McClung, Floyd, 1945-2021
Další autoři: Vojtková, Jana
Jazyk: Čeština
Vydáno: Praha : Samuel, 2015
Vydání: Druhé vydání, v nakladatelství Samuel první
Témata:
Fyzický popis: 157 stran ; 18 cm
Knihy
Uloženo v:
LEADER 01916nam a2200565 i 4500
001 nkc20152708769
003 CZ PrNK
005 20150903124042.0
007 ta
008 150625s2015 xr e f 000 0 cze
015 |a cnb002708769 
020 |a 978-80-86849-98-0  |q (brožováno) 
035 |a (OCoLC)923583993 
040 |a OLA001  |b cze  |d ABA001  |e rda 
041 1 |a cze  |h eng 
072 7 |a 27-4  |x Praktická teologie. Morální teologie  |2 Konspekt  |9 5 
080 |a 27-184  |2 MRF 
080 |a 27-144.82  |2 MRF 
080 |a 27-144.892  |2 MRF 
080 |a 27-1/-9  |2 MRF 
080 |a 27-277.2  |2 MRF 
080 |a (0.062)  |2 MRF 
100 1 |a McClung, Floyd,  |d 1945-2021  |7 xx0022900  |4 aut 
240 1 0 |a Father heart of God.  |l Česky 
245 1 0 |a Boží otcovské srdce /  |c Floyd McClung Jr. 
250 |a Druhé vydání, v nakladatelství Samuel první 
264 1 |a Praha :  |b Samuel,  |c 2015 
300 |a 157 stran ;  |c 18 cm 
336 |a text  |b txt  |2 rdacontent 
337 |a bez média  |b n  |2 rdamedia 
338 |a svazek  |b nc  |2 rdacarrier 
500 |a Překlad z angličtiny Jana Vojtková 
650 0 7 |a Bůh a člověk  |7 ph116953  |2 czenas 
650 0 7 |a Boží láska  |7 ph754609  |2 czenas 
650 0 7 |a Bůh Otec  |7 ph117422  |2 czenas 
650 0 7 |a křesťanské učení  |7 ph122129  |2 czenas 
650 0 7 |a biblické citáty  |7 ph118853  |2 czenas 
650 0 9 |a relations between God and man  |2 eczenas 
650 0 9 |a love of God  |2 eczenas 
650 0 9 |a God the Father  |2 eczenas 
650 0 9 |a Christian doctrine  |2 eczenas 
650 0 9 |a Biblical quotations  |2 eczenas 
655 7 |a populárně-naučné publikace  |7 fd131864  |2 czenas 
655 9 |a popular works  |2 eczenas 
700 1 |a Vojtková, Jana  |7 xx0037005  |4 trl 
910 2 |a BOA001  |b 1-1350.472 
990 |a BK 
995 |a 01 
991 |b 201508  |c NOV  |e n 
996 6 |b 2610639285  |c 1-1350.472  |l MZK  |r Sklad / do 1 hodiny  |n 0  |p p.v.  |w 001515510  |u 000010  |a 1  |e BOA001  |j MZK50  |s P